El Montseny : monografía de esta montaña / por Miguel Farreras monografía de esta montaña / por Miguel Farreras
Descripción Física:
137 p., [2] f., [8] làm., [1] map. pleg. ; 20 cm
Materias:
Montseny (Catalunya : Massís)
MARC
| LEADER | 00000nam a2200000Ia 4500 | ||
|---|---|---|---|
| 001 | 656 | ||
| 008 | 160829s1929 xx 000 0 cat d | ||
| 080 | |a C-1-368 | ||
| 100 | |a Farreras, Miguel |9 20191 | ||
| 245 | |a El Montseny : |b monografía de esta montaña / por Miguel Farreras | ||
| 260 | |a Barcelona : |b Garrofé, |c 1929 | ||
| 300 | |a 137 p., [2] f., [8] làm., [1] map. pleg. ; |c 20 cm | ||
| 651 | 0 | |a Montseny (Catalunya : Massís) |9 50902 | |
| 901 | |a Arxiu | ||
| 942 | |n 1 | ||
| 952 | |0 0 |1 0 |4 0 |6 C1368 |7 1 |9 41483 |a Arxiu |b Arxiu |d 2016-12-01 |l 0 |o C-1-368 |p 656 |r 2016-12-01 00:00:00 |w 2016-12-01 |y ARXIU | ||
| 999 | |c 43291 |d 43291 | ||